Die Gesetzgebung Sigismunds
| Titel: | Die Gesetzgebung Sigismunds : Gesichtspunkte zur Analyse seiner Gesetze aus den Jahren 1397 und 1405 |
|---|---|
| Verfasser: | |
| In: |
Das Zeitalter König Sigmunds in Ungarn und im Deutschen Reich, (2000), Seite 103-107 alle Artikel anzeigen |
| Veröffentlicht: | 2000 |
| Format: | Aufsatz |
| Sprache: | Deutsch |
X
alg: 39228598 001A $01999:11-11-16 001B $01999:26-04-21 $t20:16:58.000 001D $01999:11-11-16 001U $0utf8 001X $00 002@ $0Aox 003@ $0392285983 007A $0392285983 $aHEB 007T $0Herdc0063147m 010@ $ager 011@ $a2000 021A $aDie @Gesetzgebung Sigismunds $dGesichtspunkte zur Analyse seiner Gesetze aus den Jahren 1397 und 1405 028A $aLadányi $dErzsébet 031A $h103-107 $j2000 039B $aIn $8--Aau--. Das @Zeitalter König Sigmunds in Ungarn und im Deutschen Reich. - Debrecen : Debrecen Univ. Press, 2000. - 218 S.. - ISBN 963-472-451-5 $x200000000000000897 $9100729169 045F $a351.09 $eDDC23BSB 045F/01 $a351.09 045F/03 $g439 lok: 39228598 78 exp: 39228598 78 1 #EPN 201B/01 $005-07-18 $t23:20:37.000 201U/01 $0utf8 203@/01 $0788382535 208@/01 $a11-11-16 $be 209A/01 $a/ $f000 $x00 220C/01 $aTitelaufnehmer: nk;tn 220C/01 $aHerkunft: HI Marburg 244Z/01 $2Trx $#Ungari $#Vengrija $#Ungārija $#Ungarn $#Hungary $#Węgry $#Maďarsko $#Maďarsko $#Uhorsko $#Uhersko;Uhry $8--Trx--Magyarország $x01 $9391197150 244Z/01 $aGeschichte 1397-1405 $x02 244Z/01 $#Sigmund$#Siegmund $#Sigismundus $#Sigismundus $#Sigismundus $#Sigismundus Imperator Romae $#Sigmund $#Sigismund $#Sigismund $#Sigismund $#Sigismond $#Zygmunt Luksemburski $#Zikmund Lucemburský $#Zsigmond $#Sigismund $#Siegmund $#Žigmund Luxemburský $#Sigismundus $#Luxemburg, Sigismund von $#Luxemburg, Siegmund von $#Luxemburg, Zikmund von $#Luxemburg, Zsigmond von $#Luksemburški, Žigmund $#Sigismund $#Sigmund $#Sigmund $#Sigismund $#Siegmund $#Sigismundus $7118614185 $8--Tp1--$PSigismund$lHeiliges Römisches Reich, Kaiser$Z1368-1437 $x03 $9086955136 244Z/01 $2Trx $#kuningad, Ungari $#Vengrijos karaliai $#kings, Hungarian $#királyok, magyar $#królowie węgierscy $#králi uhorskí $#králové uherští $8--Trx--Könige, ungarische $x04 $9391376438 244Z/01 $2Trx $#seadlusandlus $#įstatymų leidyba $#Legislation $#törvényhozás $#prawodawstwo $#zákonodarstvo $#zákonodárství $8--Trx--Gesetzgebung $x05 $9391355759 244Z/01 $2Trx $8--Trx--Einzelbeiträge $x06 $9391384570 245Z/01 $a07.01 $x01 247C/01 $82080>Marburg/Lahn, Herder-Institut, Forschungsbibliothek, Bibliographieportal $9336309341
| LEADER | 00000caa a22000002c 4500 | ||
|---|---|---|---|
| 001 | 392285983 | ||
| 003 | DE-603 | ||
| 005 | 20210426201658.0 | ||
| 007 | tu | ||
| 008 | 161111s2000 xx |||| | u00||u|ger c | ||
| 035 | |a (DE-599)HEB392285983 | ||
| 040 | |a DE-603 |b ger |c DE-603 |d DE-603 | ||
| 041 | |a ger | ||
| 082 | 0 | 4 | |8 1\u |a 351.09 |q DE-101 |2 23/BSB |
| 085 | |8 1\u |b 351.09 | ||
| 085 | |8 1\u |z 2 |s 439 | ||
| 100 | 1 | |a Ladányi, Erzsébet | |
| 245 | 0 | 0 | |a Die Gesetzgebung Sigismunds |b Gesichtspunkte zur Analyse seiner Gesetze aus den Jahren 1397 und 1405 |
| 264 | 0 | |c 2000 | |
| 773 | 0 | 8 | |i In |t Das Zeitalter König Sigmunds in Ungarn und im Deutschen Reich |d Debrecen : Debrecen Univ. Press, 2000 |h 218 S. |z 9634724515 |g (2000), Seite 103-107 |w (DE-603)100729169 |
| 924 | 0 | |9 2080 |a (DE-603)788382535 |b DE-2080 |c HES |d d |g / | |


